Normal view
MARC view
Entry Personal Name
001 - CONTROL NUMBER
- control field: 1144182
003 - CONTROL NUMBER IDENTIFIER
- control field: OSt
005 - DATE AND TIME OF LATEST TRANSACTION
- control field: 20260324112810.0
008 - FIXED-LENGTH DATA ELEMENTS
- fixed length control field: 260324|| aca||aabn | a|a d
040 ## - CATALOGING SOURCE
- Original cataloging agency: OSt
- Transcribing agency: OSt
100 ## - HEADING--PERSONAL NAME
- Personal name: Mariusz Sołtysik; Maria Urbaniec; Magdalena Wojnarowska; Erica Varese; Vesna Zabkar; Marek Ćwiklicki
670 ## - SOURCE DATA FOUND
- Source citation: Work cat.: (OSt)1733536: Mariusz Sołtysik; Maria Urbaniec; Magdalena Wojnarowska; Erica Varese; Vesna Zabkar; Marek Ćwiklicki, Sustainable Business in the Era of Digital Transformation
